000 00840nam a2200241 i 4500
001 94906
003 ES-MaACL
005 20230906181600.0
007 t|
008 050517s1953 sp ||||1| spa d
100 1 _aLuck, David J.
_974597
245 1 0 _aInvestigación de la distribución de productos en el mercado /
_cDavid J. Luck y Hugh G. Wales...; prólogo y supervisión de la traducción Pedro Prat Gaballí; [versión española de Jaime Bosch Biosca].
250 _a[3ª ed.].
260 _aBarcelona :
_bHispano Europea,
_c1953.
300 _aXVI, 608 p. ;
_c21 cm.
490 1 _aGalileo
700 1 _aWales, Hugh G.
_9115908
700 1 _aPrat Gaballí, Pedro (
_d1885-1962)
_993676
700 1 _aBosch Biosca, Jaime.
_930650
830 0 _aGalileo
_9182278
852 _aES-MaACL
_jC-11850
_bR.40034
999 _c94906
_d94906